000 00656 a2200229 4500
005 20260116141015.0
008 260115b |||||||| |||| 00| 0 eng d
020 _a9781452217673
_c$ 156.00
040 _aMAIN
082 _a150.72
_bL552P(3)
100 _aLeong, Frederick T L, ed.
245 _aPsychology research handbook: A guide for graduate students and research assistants
250 _a3rd
260 _bSage Publications
_c2024
_aLondon
300 _axxvii, 731
650 _aPsychology
650 _aResearch-Psychology
650 _aResearch Planning
650 _aData Analysis
700 _aAustin, James T, ed.
942 _cBK
999 _c394785
_d394785